| 000 | 00353 a2200157 4500 | ||
|---|---|---|---|
| 001 | 75216 | ||
| 020 | _a9788516057671 | ||
| 040 | _cAnchieta - Colégio São Paulo | ||
| 100 | _aOram, Hiawyn | ||
| 240 | 1 | 0 |
_aAs cartas de Ronroroso _lpor |
| 245 | 1 | 0 | _aAs cartas de Ronroroso |
| 300 | _a | ||
| 362 | 0 | _a0 | |
| 650 | 4 | _aLiteratura infantil | |
| 942 | _cBK | ||
| 999 |
_c75216 _d75216 |
||